Guess Obscure Flags of The World - Statistics

General Stats
  • This quiz has been taken 3,634 times
    3,625 since last reset
  • The average score is 29 of 123
Answer Stats
Picture Answer % Correct
Wales
95%
Arkansas
93%
Antarctica
89%
Hong Kong
87%
Greenland
84%
Texas
84%
Jacksonville
81%
Aruba
80%
Gibraltar
78%
American Samoa
76%
Faroe Islands
75%
Yugoslavia
75%
Northern Ireland
66%
Basque
63%
Kurdistan
61%
Sicily
60%
Aland
58%
Curacao
58%
Niue
58%
Corsica
56%
Sardinia
54%
Anguilla
52%
Bavaria
50%
Martinique
47%
Abkhazia
45%
Berlin
44%
Bonaire
43%
Brittany
42%
Oslo
42%
Ottoman Empire
42%
Qing Dynasty
36%
Saint Pierre And Miquelon
35%
Chicago
32%
Easter Island
32%
New York City
32%
Tennessee
32%
Mississippi
31%
Norfolk Islands
31%
Esperanto
30%
Sint Maarten
29%
Moscow
28%
Saint Helena
23%
Crimea
22%
Lombardy
22%
Hamburg
21%
Dagestan
20%
Saba
19%
Turks and Caicos Islands
19%
Warsaw
18%
Assyrian
17%
Tuva
17%
Los Angeles
16%
Cocos (Keeling) Island
15%
Saint Petersburg
15%
Zeeland
15%
Balearic Islands
13%
Jewish Autonomous Oblast
13%
Sint Eustatius
13%
Groningen
12%
North Holland
12%
South Holland
12%
Brandenburg
11%
Limburg
11%
North Brabant
11%
Bremen
10%
Buryatia
10%
Cusco
10%
Baden Württemberg
9%
Frisian
9%
Ingushetia
9%
Karelia
9%
Sakhalin Oblast
9%
Biafra
8%
Drenthe
8%
Flevoland
8%
Gelderland
8%
Kalmykia
8%
Overijssel
8%
Principality of Sealand
8%
Udmurtia
8%
Bashkortostan
7%
Komi
6%
Mari El
6%
Mordovia
6%
Umbria
6%
Altai Republic
5%
Chukotka
5%
Kathmandu
5%
Almohad Dynasty
4%
Bora Bora
4%
Central Finland
4%
East Java
4%
Krasnodar Krai
4%
Leningrad Oblast
4%
Moresnet
4%
Muscat
4%
The President of Zambia
4%
Kabardino Balkaria
3%
Murmansk Oblast
3%
Rostov Oblast
3%
Royal Standard Of The United Kingdom
3%
Troms
3%
Beek
2%
Charlotte
2%
Hedmark
2%
Karachay Cherkessia
2%
Kurdufan
2%
Kurgan Oblast
2%
Oppland
2%
Podlaskie
2%
Presidential Standard of Guyana
2%
San Escobar
2%
the Beylik of Aydin
2%
the British Empire Exhibition
2%
The United Tribes Of Fiji
2%
Utrecht City
2%
Lares
1%
Lelystad
1%
Lemko Republic
1%
Trondelag
1%
Vestfold
1%
Yaroslavi Oblast
1%
Yamalo Nenets A0
0%
No matching quizzes found
Score Distribution
Percent of People with Each Score
Percentile by Number Answered
Your Score History
You have not taken this quiz since the last reset